The image of the nether world in the sumerian sources
Αποθηκεύτηκε σε:
| Κύριος συγγραφέας: | |
|---|---|
| Μορφή: | Βιβλίο |
| Γλώσσα: | English |
| Δημοσίευση: |
Bethesda :
CDL Press,
2003
|
| Θέματα: | |
| Ετικέτες: |
Προσθήκη ετικέτας
Δεν υπάρχουν, Καταχωρήστε ετικέτα πρώτοι!
|
MARC
| LEADER | 00000nam a2200000 i 4500 | ||
|---|---|---|---|
| 001 | 1/62925 | ||
| 008 | 041015s2003 eng d | ||
| 020 | |a 1-883053-773 | ||
| 035 | |l 10074742 | ||
| 040 | |a GR-MY-UA |b gre |e aacr | ||
| 041 | 0 | |a eng | |
| 082 | 0 | |a 299.9295 | |
| 100 | 1 | |a Katz, Dina. | |
| 245 | 1 | 4 | |a The image of the nether world in the sumerian sources / |c Dina Katz |
| 260 | |a Bethesda : |b CDL Press, |c 2003 | ||
| 300 | |a 488 p. | ||
| 504 | |a Includes bibliographical references and index | ||
| 650 | 0 | 0 | |a Future life |x History of doctrines. |
| 650 | 0 | 0 | |a Sumerians |x Religion. |
| 650 | 0 | 0 | |a Mythology, Sumerian. |
| 852 | |a INST |b RHODES |e 20041015 |h 299.9295 KAT |p 005400018441 |q 005400018441 |t BK |y 0 | ||
| 901 | |a BIBL4-2004-3 | ||
| 909 | |a Ρ |b 109936 | ||
| 920 | |a ΔΙΕΥΡΥΝΣΗ |b ΕΠΕΑΕΚ ΙΙ-ΤΜΣ |y ΡΟΔΟΣ |z 2004-10 | ||
| 970 | |a ΚΟΥΛΑΚΙΟΤΗ |b ΛΙΤΣΑ |z 2004/10/15 | ||